000 00985nam a22003257a 4500
001 6548
003 FISKH
005 20250509090850.0
008 250509b cb ||||| |||| 00| 0 eng d
020 _a9780440484745
040 _aDLC
_cDLC
_dDLC
_beng
050 _aPZ7.B6265 T
082 _a813.54
100 1 _aBlume, Judy.
_d(1938-)
245 1 0 _aTales of a fourth grade nothing /
_cBy Judy Blume ; Illustrated by Roy Doty
250 _aThis edition first published in 1991
260 _aNew York :
_bYearling Book,
_c1972
300 _a120 pages :
_billustrations ;
_c20 cm
350 _a$4.95
505 _aJ
520 _aPeter finds his demanding two-year-old brother an ever increasing problem.
521 8 _a470
_bLexile
521 8 _aJ
_bRaz-Plus
650 1 _aBrothers
_xFiction.
650 1 _aFamily life
_xFiction.
700 1 _aDoty, Roy
_eillustrator
906 _a7
_bcbc
_corignew
_d2
_encip
_f19
_gy-gencatlg
942 _2ddc
_cBK
_n0
999 _c6548
_d6548